01483nam a2200373Ia 4500001001200000003000800012006001900020007001500039008004100054010001700095020001500112020002600127020002200153040002100175035002000196050002300216100003000239245015700269260006800426300003100494504005100525533015200576650002500728650001400753650002600767650001800793650002700811655002900838700003300867700004700900710001700947856012600964999001901090ebr10124718CaPaEBRm u cr cn|||||||||030529s2004 enkab sb 001 0 eng d z 2003055125 z0511187548 z0521831105 (hardback) z0521538270 (pbk.) aCaPaEBRcCaPaEBR a(OCoLC)6941595614aQH456b.F73 2004eb1 aFrankham, Richard,d1942-12aA primer of conservation geneticsh[electronic resource] /cRichard Frankham, Jonathan D. Ballou, David A. Briscoe ; line drawings by Karina H. McInnes. aCambridge, UK ;aNew York :bCambridge University Press,c2004. axii, 220 p. :bill., maps. aIncludes bibliographical references and index. aElectronic reproduction.bPalo Alto, Calif. :cebrary,d2009.nAvailable via World Wide Web.nAccess may be limited to ebrary affiliated libraries. 0aEcological genetics. 0aGenetics. 0aConservation biology. 0aBiodiversity. 0aEvolutionary genetics. 7aElectronic books.2local1 aBallou, J. D.q(Jonathan D.)1 aBriscoe, David A.q(David Anthony),d1947-2 aebrary, Inc.40uhttp://site.ebrary.com/lib/rucke/Doc?id=10124718zAn electronic book accessible through the World Wide Web; click to view c109038d109038